<?xml version="1.0" encoding="UTF-8"?>
<record
    xmlns:xsi="http://www.w3.org/2001/XMLSchema-instance"
    xsi:schemaLocation="http://www.loc.gov/MARC21/slim http://www.loc.gov/standards/marcxml/schema/MARC21slim.xsd"
    xmlns="http://www.loc.gov/MARC21/slim">

  <leader>00439nam a22001697a 4500</leader>
  <controlfield tag="005">20240108131932.0</controlfield>
  <controlfield tag="008">190527b        xxu||||| |||| 00| 0 eng d</controlfield>
  <datafield tag="020" ind1=" " ind2=" ">
    <subfield code="a">978-81-85790-20-6</subfield>
  </datafield>
  <datafield tag="041" ind1=" " ind2=" ">
    <subfield code="a">eng</subfield>
  </datafield>
  <datafield tag="100" ind1=" " ind2=" ">
    <subfield code="a">KASTURE,DR.A.V,AND WADOKDKAR,DR. S.G</subfield>
    <subfield code="9">8309</subfield>
  </datafield>
  <datafield tag="245" ind1=" " ind2=" ">
    <subfield code="a">PHARMACEUTICAL CHEMISTRY-II</subfield>
  </datafield>
  <datafield tag="250" ind1=" " ind2=" ">
    <subfield code="a">21ST , ED. 2019</subfield>
  </datafield>
  <datafield tag="260" ind1=" " ind2=" ">
    <subfield code="a">PUNE</subfield>
    <subfield code="b">NIRALI PRAKASHAN</subfield>
  </datafield>
  <datafield tag="300" ind1=" " ind2=" ">
    <subfield code="a">373p,</subfield>
  </datafield>
  <datafield tag="650" ind1=" " ind2=" ">
    <subfield code="a">PHARMACY</subfield>
    <subfield code="x">B.PHARMA</subfield>
  </datafield>
  <datafield tag="942" ind1=" " ind2=" ">
    <subfield code="c">BK</subfield>
  </datafield>
  <datafield tag="999" ind1=" " ind2=" ">
    <subfield code="c">5851</subfield>
    <subfield code="d">5849</subfield>
  </datafield>
  <datafield tag="952" ind1=" " ind2=" ">
    <subfield code="0">0</subfield>
    <subfield code="1">0</subfield>
    <subfield code="4">0</subfield>
    <subfield code="7">0</subfield>
    <subfield code="8">PHARMACY</subfield>
    <subfield code="a">JRU</subfield>
    <subfield code="b">JRU</subfield>
    <subfield code="c">SHELF-18-D</subfield>
    <subfield code="d">2019-05-27</subfield>
    <subfield code="e">PURCHESS</subfield>
    <subfield code="g">160.00</subfield>
    <subfield code="l">2</subfield>
    <subfield code="o">615.19</subfield>
    <subfield code="p">22736</subfield>
    <subfield code="r">2022-03-22 00:00:00</subfield>
    <subfield code="s">2022-03-10</subfield>
    <subfield code="w">2019-05-27</subfield>
    <subfield code="y">BK</subfield>
  </datafield>
  <datafield tag="952" ind1=" " ind2=" ">
    <subfield code="0">0</subfield>
    <subfield code="1">0</subfield>
    <subfield code="4">0</subfield>
    <subfield code="7">0</subfield>
    <subfield code="8">PHARMACY</subfield>
    <subfield code="a">JRU</subfield>
    <subfield code="b">JRU</subfield>
    <subfield code="c">SHELF-18-D</subfield>
    <subfield code="d">2019-05-27</subfield>
    <subfield code="e">PURCHESS</subfield>
    <subfield code="g">160.00</subfield>
    <subfield code="l">2</subfield>
    <subfield code="o">615.19</subfield>
    <subfield code="p">22737</subfield>
    <subfield code="r">2022-05-04 00:00:00</subfield>
    <subfield code="s">2022-04-16</subfield>
    <subfield code="w">2019-05-27</subfield>
    <subfield code="y">BK</subfield>
  </datafield>
  <datafield tag="952" ind1=" " ind2=" ">
    <subfield code="0">0</subfield>
    <subfield code="1">0</subfield>
    <subfield code="4">0</subfield>
    <subfield code="7">0</subfield>
    <subfield code="8">REF</subfield>
    <subfield code="a">JRU</subfield>
    <subfield code="b">JRU</subfield>
    <subfield code="c">SHELF - 10 - B</subfield>
    <subfield code="d">2019-05-27</subfield>
    <subfield code="e">PURCHESS</subfield>
    <subfield code="g">160.00</subfield>
    <subfield code="l">2</subfield>
    <subfield code="m">1</subfield>
    <subfield code="p">22738</subfield>
    <subfield code="r">2022-02-24 00:00:00</subfield>
    <subfield code="s">2022-02-07</subfield>
    <subfield code="w">2019-05-27</subfield>
    <subfield code="y">BK</subfield>
  </datafield>
</record>
